<?xml version="1.0" encoding="UTF-8"?>
<collection xmlns:xsi="http://www.w3.org/2001/XMLSchema-instance" xsi:schemaLocation="http://www.loc.gov/MARC21/slim http://www.loc.gov/standards/marcxml/schema/MARC21slim.xsd" xmlns="http://www.loc.gov/MARC21/slim">
 <record>
  <leader>00000nam a2200000 i 4500</leader>
  <controlfield tag="001">UP-99946688290056365</controlfield>
  <controlfield tag="003">Buklod</controlfield>
  <controlfield tag="005">20230322133933.0</controlfield>
  <controlfield tag="006">a     r    |||| u|</controlfield>
  <controlfield tag="007">ta</controlfield>
  <controlfield tag="008">230322s2017    ph      r     000 p fil d</controlfield>
  <datafield tag="020" ind1=" " ind2=" ">
   <subfield code="a">9789719620150</subfield>
  </datafield>
  <datafield tag="040" ind1=" " ind2=" ">
   <subfield code="a">DLSU</subfield>
   <subfield code="d">DMLF</subfield>
   <subfield code="e">rda</subfield>
  </datafield>
  <datafield tag="041" ind1=" " ind2=" ">
   <subfield code="a">fil</subfield>
  </datafield>
  <datafield tag="042" ind1=" " ind2=" ">
   <subfield code="a">DMLUC</subfield>
  </datafield>
  <datafield tag="090" ind1=" " ind2=" ">
   <subfield code="a">PL 6164.2 T37 </subfield>
   <subfield code="b">P34 2017</subfield>
  </datafield>
  <datafield tag="100" ind1="1" ind2=" ">
   <subfield code="a">Tariman, Kerima Lorena</subfield>
   <subfield code="e">author.</subfield>
  </datafield>
  <datafield tag="245" ind1="1" ind2="0">
   <subfield code="a">Pag-aaral sa oras</subfield>
   <subfield code="b">mga lumang tula tungkol sa bago</subfield>
   <subfield code="c">Kerima Lorena Tariman.</subfield>
  </datafield>
  <datafield tag="264" ind1=" " ind2="1">
   <subfield code="a">Manila</subfield>
   <subfield code="b">High Chair</subfield>
   <subfield code="c">[©2017]</subfield>
  </datafield>
  <datafield tag="300" ind1=" " ind2=" ">
   <subfield code="a">172 pages</subfield>
   <subfield code="c">23 cm.</subfield>
  </datafield>
  <datafield tag="336" ind1=" " ind2=" ">
   <subfield code="a">text</subfield>
   <subfield code="2">rdacontent</subfield>
  </datafield>
  <datafield tag="337" ind1=" " ind2=" ">
   <subfield code="a">unmediated</subfield>
   <subfield code="2">rdamedia</subfield>
  </datafield>
  <datafield tag="338" ind1=" " ind2=" ">
   <subfield code="a">volume</subfield>
   <subfield code="2">rdacarrier</subfield>
  </datafield>
  <datafield tag="505" ind1="0" ind2=" ">
   <subfield code="a">Multo -- May multo sa Makiling -- Alamat -- Bugtong -- Kuwatro kantos -- Hungkag -- Fake news -- Ukol sa Sentenaryo ng Rebolusyon, sa Daang Katipunan -- Pag-aari ko ang aking sarili -- Offbeat -- Soul-searching ng maangas at mala-religious experience -- Gusali -- Tibak -- Seye ng Sobresaliente -- Cubao -- Halaw -- Anino -- Aralin sa ekonomyang pampulitika -- Counter-insurgency -- Hunyo 12, sa kulungan -- The Bored's prayer -- Peligroso -- Sa apat na sulok -- / -- Kasalo -- Kape -- Pampagising -- 1999 -- Metro -- Kung gabi, sa Rotonda Pasig -- Bakasyon -- Umaga sa bus papuntang Baguio -- Mahal kong barangay -- Silay -- Mata / Mata -- Pung-aw / Pangungulila -- Istorya ni Mamo / Kuwento ni Mamo -- Binyag -- Bilog -- Kuliglig.&#13;
&#13;
Mutya -- Paglisan sa lungsod -- Ang Pakikipagkamay -- Ano -- Unang halaw sa mga unang araw -- Salaysay at kasaysayan -- Ngayong umaga -- Malapyudalismo -- Para-uring -- Taisan -- Sta. Maria -- Dalawang tula: Milenyo at Reming -- Isarog -- Sulat -- Unang awit / Propaganda -- Ikalawang awit -- Mga Sulat mula sa Lambak ng Cagayan -- Paglaum / Pag-asa -- Duyan -- Soldados Kan Tios / Hukbo ng Maralita -- Sugatan / Sugatan -- Muni-muni ng mandirigma -- Pag-aaral sa oras -- Natural -- Kalikasan / Lipunan -- Ang Bisita -- Atrasan -- Sa alaala ni Kasamang Giant -- Huwag kang manghinayang at umiling -- Mutya.&#13;
&#13;
Mga Salin -- Pagsulat ng bio-data / Wislawa Szymborska -- Mga Bukas na liham sa mga artistang Pilipino / Emmanuel Lacaba -- Sampaguita / Lorena Barros -- Ka Pinay: manipesto ng dakilang pagdadalamhati -- Liham para kay Vincent / Vicenta M. Buenafe -- Oyayi sa hindi pa naisisilang / Vicenta M. Buenafe -- Kampong gerilya / Vicenta M. Buenafe -- Kapag ang mga mata ng mga bata / Maya Daniel -- Kapiraso lamang ang kanilang langit / Maya Daniel -- Bulubundukin / Maya Daniel -- Pangangamkam ng lupang ninuno ng mga Tumanduk / Maya Daniel -- Ang Kislap ng patay na alitaptap ay hindi namamatay / Maya Daniel -- Kurot ng panahon / Roja Esperanza -- Ang Kaaway sa ating bakuran / Ka Maki (Rodolfo Val Marquez) -- Tula ng isang magsasaka sa sosyalistang Tsina -- Dalawang tula / Ho Chi Minh -- Manongod kay Hegel / Tungkol kay Hegel / Karl Marx -- Niyebe / Mao Zedong -- Katuparan / Otto Rene Castillo.</subfield>
  </datafield>
  <datafield tag="650" ind1=" " ind2="0">
   <subfield code="a">Filipino poetry.</subfield>
  </datafield>
  <datafield tag="650" ind1=" " ind2="0">
   <subfield code="a">Prose poems, Philippine.</subfield>
  </datafield>
  <datafield tag="905" ind1=" " ind2=" ">
   <subfield code="a">FI</subfield>
  </datafield>
  <datafield tag="852" ind1="0" ind2=" ">
   <subfield code="a">UPD</subfield>
   <subfield code="b">DMLF</subfield>
   <subfield code="h">PL 6164.2 T37</subfield>
   <subfield code="i">P34 2017</subfield>
  </datafield>
  <datafield tag="942" ind1=" " ind2=" ">
   <subfield code="a">Book</subfield>
  </datafield>
 </record>
</collection>
